Normal view
MARC view
Entry Topical Term
001 - CONTROL NUMBER
- control field: 45954
003 - CONTROL NUMBER IDENTIFIER
- control field: ARRUPE
005 - DATE AND TIME OF LATEST TRANSACTION
- control field: 20190425110058.0
008 - FIXED-LENGTH DATA ELEMENTS
- fixed length control field: 190425|| aca||aabn | a|a d
040 ## - CATALOGING SOURCE
- Original cataloging agency: ARRUPE
- Transcribing agency: ARRUPE
150 ## - HEADING--TOPICAL TERM
- Topical term or geographic name as entry element: Russian language
- General subdivision: grammar
670 ## - SOURCE DATA FOUND
- Source citation: Work cat.: (ARRUPE): Fennell, J. L. I. (comp.) 45953, The penguin Russian course: , 1961.